वेदशास्त्र संग्रह / (Record no. 121697)

MARC details
000 -LEADER
fixed length control field 01324nam a22002657a 4500
005 - DATE AND TIME OF LATEST TRANSACTION
control field 20170124103219.0
010 ## - LIBRARY OF CONGRESS CONTROL NUMBER
LC control number B-052588
020 ## - INTERNATIONAL STANDARD BOOK NUMBER
Terms of availability 300.00
International Standard Book Number 8126010231
035 ## - SYSTEM CONTROL NUMBER
System control number B-052588
037 ## - SOURCE OF ACQUISITION
Source of stock number/acquisition Cen Lib/Ret
040 ## - CATALOGING SOURCE
Original cataloging agency DPL
Language of cataloging HN
082 ## - DEWEY DECIMAL CLASSIFICATION NUMBER
Classification number 220.21
Item number वेदशा
245 ## - TITLE STATEMENT
Title वेदशास्त्र संग्रह /
Statement of responsibility, etc सम्पादक विश्वबन्धु ; अनुवादक प्रभुदयालु अग्निहोत्री
246 ## - VARYING FORM OF TITLE
Title proper/short title Vedshastr sangreh /
Remainder of title sampadak Vishvbandhu ; anuvadak Prabhudayalu Agnihotri
260 ## - PUBLICATION, DISTRIBUTION, ETC. (IMPRINT)
Place of publication, distribution, etc नयी दिल्ली
Name of publisher, distributor, etc साहित्य अकादेमी
Date of publication, distribution, etc 2001
270 ## - ADDRESS
City नयी दिल्ली
Address रवीन्द्र भवन, 35, फिरोज़शाह मार्ग
Postal code 110001
300 ## - PHYSICAL DESCRIPTION
Extent 518पृ.
Dimensions 20सेमी(सजिल्द)
650 ## - SUBJECT ADDED ENTRY--TOPICAL TERM
Topical term or geographic name as entry element हिन्दू -- उपनिषद्
9 (RLIN) 117188
650 ## - SUBJECT ADDED ENTRY--TOPICAL TERM
Topical term or geographic name as entry element हिन्दू -- वेद शास्त्र
9 (RLIN) 43989
650 ## - SUBJECT ADDED ENTRY--TOPICAL TERM
Topical term or geographic name as entry element Hindu - Upanishads
9 (RLIN) 100344
650 ## - SUBJECT ADDED ENTRY--TOPICAL TERM
Topical term or geographic name as entry element Hindu - Veda Shastra
9 (RLIN) 100345
700 ## - ADDED ENTRY--PERSONAL NAME
Personal name विश्वबन्धु
9 (RLIN) 43304
700 ## - ADDED ENTRY--PERSONAL NAME
Personal name अग्निहोत्री, प्रभुदयालु
9 (RLIN) 51478
942 ## - ADDED ENTRY ELEMENTS (KOHA)
Source of classification or shelving scheme Dewey Decimal Classification
Koha item type Hindi Books
Classification part 220.21
Call number suffix वेदशा
Holdings
Withdrawn status Lost status Damaged status Not for loan Home library Current library Date acquired Source of acquisition Cost, normal purchase price Total Checkouts Full call number Barcode Date last seen Copy number Cost, replacement price Price effective from Koha item type
        Central Library Central Library 12/10/2015 Cen Lib/Ret 300.00   220.21 वेदशा B-052588 12/10/2015 1 300.00 12/10/2015 Hindi Books

© Delhi Public Library
Hit Counter
free hit counter